000 01086nam a22002657a 4500
003 OSt
005 20200828155448.0
008 200828s2018 ck ||||gr|||| 00| 0dspa d
020 _a9789587274915
040 _aCO-JMCR
_cCO-JMCR
041 0 _aspa
082 0 4 _aN /
_bFOLl
_223
100 1 _aFolagor
_eautor
_9702
245 1 3 _aLa leyenda de las tierras raras /
_cFolagor
250 _aPrimera edición
260 _aBogotá :
_bEditorial planeta,
_c2018.
300 _a219 páginas ;
_c23 cm.
490 0 _aColección ; 4You2
500 _aDatos biográficos del autor en tapa posterior.
520 0 _aAl alcanzar la adolescencia, los jóvenes del Oeste, cuyos habitantes viven en armonía con la naturaleza y gozan de una sociedad justa e igualitaria, experimentan un extraordinario cambio: el nacimiento de su propia mitad, un animal que se convertirá en una especie de tótem y con el que establecerá una relación muy especial.
650 2 4 _2Novela
_zEspaña
_99468
650 2 4 _2Adolescencia en la literatura
650 2 4 _2Literatura juvenil
942 _2ddc
_cBK
999 _c6804
_d6804